000 00942cam a2200229 4500
001 WB4009-08
008 040304n2004 000 0 eng u
035 _a(Sirsi) u125338
245 _aOpportunities for Mobile IT
260 _c2004
490 _aRICS Project Management Faculty News
_v 1 March 2004 (1)
520 _aConstruction Opportunities for Mobile IT (COMIT), is a two stage research and development project part funded by the DTI's Partners in Innovation Scheme. The project aims to promote the practical business benefits from the adoption of mobile information and communication technologies. Further information on COMIT is available at http://www.comitproject.org.uk.
590 _aWB
590 _aWB
650 _aE-COMMERCE
650 _aCOMMUNICATION TECHNOLOGIES
650 _aCOMIT
650 _aCONSTRUCTION INDUSTRY
650 _aDEVELOPMENT PROJECTS
690 _aINFORMATION TECHNOLOGY
942 _n0
999 _c117078
_d117078